LEADER 01611nam0 22003733i 450 001 RMG0036968 005 20251003044338.0 010 $a8838722110 100 $a20130827d2002 ||||0itac50 ba 101 | $aita 102 $ait 181 1$6z01$ai $bxxxe 182 1$6z01$an 183 1$6z01$anc$2RDAcarrier 200 1 $aˆIl ‰direttore tecnico dell'agenzia di viaggi$eaggiornato con Legge 29 marzo 2001, n. 135, Riforma della legislazione nazionale del turismo$fAdrianoBiella 205 $a4. ed 210 $aRimini$cMaggioli$d 2002! 215 $a692 p.$d24 cm 225 | $aCorsi & concorsi$v68 300 $aIndicazione di AA. in cop.: Adriano Biella, Gilberto Borzini 300 $aSegue: Appendice legislativa. 410 0$1001REA0037721$12001 $aCorsi & concorsi$v68 676 $a338.4068$9$v12 676 $a338.4791068$9INDUSTRIE SECONDARIE E SERVIZI. BENI E SERVIZI. TURISMO. GESTIONE$v19 700 1$aBiella$b, Adriano$3CFIV077035$4070$0282709 702 1$aBorzini$b, Gilberto$3PALV041902 801 3$aIT$bIT-000000$c20130827 850 $aIT-BN0095 901 $bNAP 01$cPOZZO LIB.$nVi sono collocati fondi di economia, periodici di ingegneria e scienze, periodici di economia e statistica e altri fondi comprendenti documenti di economia pervenuti in dono. 912 $aRMG0036968 950 0$aBiblioteca Centralizzata di Ateneo$c1 v.$d 01POZZO LIB.ECON MON 4047$e 0101 0000150305E VMA 1 v.$fB $h20210316$i20210316 977 $a 01 996 $aDirettore tecnico dell'agenzia di viaggi$9669261 997 $aUNISANNIO